|
|
|
|
| LEADER |
02158nam a2200553 a 4500 |
| 001 |
nkc20102131764 |
| 003 |
CZ PrNK |
| 005 |
20101126073123.0 |
| 007 |
ta |
| 008 |
101015s2010 xr a e f 000 0 eng |
| 015 |
|
|
|a cnb002131764
|
| 020 |
|
|
|a 978-80-87006-10-8
|q (brož.)
|
| 035 |
|
|
|a (OCoLC)693936870
|
| 040 |
|
|
|a BOA001
|b cze
|
| 072 |
|
7 |
|a 271/279
|x Křesťanské církve, sekty, denominace
|2 Konspekt
|9 5
|
| 080 |
|
|
|a 277.4-7
|2 MRF
|
| 080 |
|
|
|a 27-72-77
|2 MRF
|
| 080 |
|
|
|a 27-733-72-144
|2 MRF
|
| 080 |
|
|
|a 27-733
|2 MRF
|
| 080 |
|
|
|a 27-528
|2 MRF
|
| 080 |
|
|
|a 277.4-1/-9
|2 MRF
|
| 080 |
|
|
|a (035)
|2 MRF
|
| 245 |
0 |
4 |
|a The practice of ministry :
|b an introductory handbook /
|c editor Keith G. Jones
|
| 250 |
|
|
|a 2nd expanded ed., With new material 2010
|
| 260 |
|
|
|a Praha :
|b International Baptist Theological Seminary of the European Baptist Federation,
|c 2010
|
| 300 |
|
|
|a 201 s. :
|b il. ;
|c 30 cm
|
| 504 |
|
|
|a Obsahuje bibliografie a bibliografické odkazy
|
| 650 |
0 |
7 |
|a baptistické církve
|7 ph218048
|2 czenas
|
| 650 |
0 |
7 |
|a organizace a struktura církve
|7 ph138526
|2 czenas
|
| 650 |
0 |
7 |
|a duchovní povolání
|7 ph119631
|2 czenas
|
| 650 |
0 |
7 |
|a služby v církvi
|7 ph119301
|2 czenas
|
| 650 |
0 |
7 |
|a křesťanská liturgie
|7 ph135474
|2 czenas
|
| 650 |
0 |
7 |
|a učení baptismu
|7 ph297077
|2 czenas
|
| 650 |
0 |
9 |
|a Baptist churches
|2 eczenas
|
| 650 |
0 |
9 |
|a church organization and structure
|2 eczenas
|
| 650 |
0 |
9 |
|a spiritual vocations
|2 eczenas
|
| 650 |
0 |
9 |
|a church‘s ministries
|2 eczenas
|
| 650 |
0 |
9 |
|a Christian liturgy
|2 eczenas
|
| 650 |
0 |
9 |
|a Baptist doctrine
|2 eczenas
|
| 655 |
|
7 |
|a příručky
|7 fd133209
|2 czenas
|
| 655 |
|
9 |
|a handbooks and manuals
|2 eczenas
|
| 700 |
1 |
|
|a Jones, Keith G.
|7 mzk2007390627
|4 edt
|
| 856 |
4 |
1 |
|u http://www.digitalniknihovna.cz/mzk/uuid/uuid:4153dd70-65c7-11e4-8214-005056827e51
|y Digitalizovaný dokument
|x NDK
|
| 910 |
2 |
|
|a BOA001
|b 4-1251.715
|
| 928 |
9 |
|
|a Mezinárodní baptistický teologický seminář Evropské baptistické federace
|
| 990 |
|
|
|a BK
|
| 995 |
|
|
|a 01
|
| 991 |
|
|
|b 201011
|c NOV
|e n
|
| 996 |
6 |
|
|b 2610451429
|c 4-1251.715
|l MZK
|r Sklad / do 1 hodiny
|n 0
|p p.v.
|w 001152571
|u 000010
|a 1
|e BOA001
|j MZK50
|s P
|